000 00463nam a2200157Ia 4500
008 230718s9999 xx 000 0 und d
041 _aeng
082 _a621.815
_bHAL
100 _aHall A. S.
_9161145
245 _aSchaums Outlines Machine Design ( In Si Units )
260 _bTata Mc-graw Hill
300 _a456
365 _cRs.
_b250.00
700 _aHall A. S.; Holowenko A.R.; Laughlin H.G. & Hills P.C.
_9189747
906 _dB:20010-Nov-2007
_cMECH
_b50
999 _c317897
_d317897